000 00991nam a22002417a 4500
001 41746
003 BD-RjUL
005 20211209053437.0
008 160605s1982 bg ||||| |||| 00| 0 ben d
020 _c: Tk.32.00
035 _a(BD-RjUL) 41864
040 _aBD-RjUL
_cBD-RjUL
_bben
041 _aben
082 _223
_a891.4409
_bUDA 1982
100 _aউদ্দীন, মুহম্মদ মজির
_9128241
245 1 0 _aআধুনিক বাংলা সাহিত্য সাধনা /
_cমুহম্মদ মজির উদ্দীন
260 _aরাজশাহী :
_bরাফিয়া সুলতানা,
_c১৯৮২
300 _a[৬], ১২২ পৃ. ;
_c২২ সেমি.
504 _aতথ্য-সংকেত সংযুক্ত
650 _aবাংলা সাহিত্য
_xইতিহাস ও সমালোচনা
_9128242
650 _aBengali Literature
_xHistory and Criticism
_9117020
942 _2ddc
_cBK
999 _c41746
_d41746